| 000 | 00523nam a22001817a 4500 | ||
|---|---|---|---|
| 003 | BUBTL | ||
| 008 | 210322b xxu||||| |||| 00| 0 eng d | ||
| 020 | _a984-32-509-x | ||
| 082 | _a343.0995492 / Ah52c 2009 | ||
| 100 |
_aAhmed, Dr. Zulfiquar _94077 |
||
| 245 |
_aCyber Law in Bangladesh _bDr. Zulfiquar Ahmed |
||
| 260 |
_aDhaka _bNational Law Book Company _cc2009 |
||
| 300 |
_a[xxiv] , 455p . : _b22cm. |
||
| 650 |
_aLaw _94078 |
||
| 856 |
_k0 _l0 _yDownload |
||
| 942 |
_2ddc _cBK |
||
| 999 |
_c6492 _d6492 |
||